000 00426nam a22001697a 4500
005 20220419102435.0
008 220419b ||||| |||| 00| 0 eng d
020 _a9789386053299
040 _aIN-DiNC
_cIN-DiNC
041 _deng
082 _a339
100 _aBhatia A K
_eauthor
245 _aIntroductory macroeconomics
_cby A K Bhatia
260 _aNew Delhi
_bWisdom press
_c2018
300 _a212p.
942 _2ddc
_cBK
999 _c11274
_d11274